[Event "Paulista-chTA"]
[Site "Sao Paulo"]
[Date "2015.03.08"]
[Round "7.1"]
[White "Vasconcelos, Paulo Cesar da S"]
[Black "Pinto, Renato R Quintilian"]
[Result "1/2-1/2"]
[WhiteElo "2072"]
[BlackElo "2289"]
[PlyCount "81"]
[EventDate "2015.02.28"]
[EventType "team-tourn"]
[EventRounds "7"]
[EventCountry "BRA"]
[SourceTitle "EXT 2017"]
[Source "ChessBase"]
[SourceDate "2016.10.25"]
[SourceVersion "1"]
[SourceVersionDate "2016.10.25"]
[SourceQuality "1"]
[WhiteTeam "Circulo Militar II"]
[BlackTeam "Osasco"]
[WhiteTeamCountry "BRA"]
[BlackTeamCountry "BRA"]

1. d4 d5 2. Nf3 e6 3. g3 Nf6 4. Bg2 Be7 5. 0-0 0-0 6. c4 dxc4 7. Qc2 a6 8. Qxc4 b5 9. Qc2 Bb7 10. Bf4 Bd6 11. Nbd2 Bxf4 12. gxf4 Qd6 13. e3 Nbd7 14. Rac1 Rac8 15. Nb3 Be4 16. Qd1 Rfd8 17. Ne5 Bxg2 18. Kxg2 c6 19. Na5 Nxe5 20. fxe5 Qd5+ 21. Qf3 Ne4 22. b4 f6 23. Nb7 Rf8 24. Nc5 Nxc5 25. Qxd5 cxd5 26. Rxc5 Rxc5 27. bxc5 fxe5 28. dxe5 Rc8 29. Rc1 Kf7 30. f4 Ke7 31. Kf3 Kd7 32. e4 dxe4+ 33. Kxe4 g6 34. Rd1+ Ke7 35. Rd6 Rxc5 36. Rxa6 Rc4+ 37. Kf3 h6 38. Ra7+ Kf8 39. Ra6 Kf7 40. Ra7+ Kf8 41. Ra6 1/2-1/2

[Event "Praia Atalaia op"]
[Site "Praia Atalaia"]
[Date "2014.05.04"]
[Round "5"]
[White "Straatmann, Carlos Alberto"]
[Black "Vasconcelos, Paulo Cesar da S"]
[Result "0-1"]
[WhiteElo "1748"]
[BlackElo "1841"]
[PlyCount "68"]
[EventDate "2014.05.02"]
[EventType "swiss"]
[EventRounds "6"]
[EventCountry "BRA"]
[SourceTitle "CBM 160 Extra"]
[Source "ChessBase"]
[SourceDate "2014.07.01"]
[SourceVersion "1"]
[SourceVersionDate "2014.07.01"]
[SourceQuality "1"]

1. e4 c5 2. f4 e6 3. Nf3 Nc6 4. Nc3 g6 5. Bc4 Nge7 6. 0-0 d5 7. exd5 exd5 8. Bb5 Bg7 9. d4 cxd4 10. Nxd4 0-0 11. Bxc6 bxc6 12. Nf3 Nf5 13. Ne2 Ba6 14. Re1 Bxe2 15. Rxe2 a5 16. c3 Qb6+ 17. Kh1 a4 18. a3 Rfd8 19. Qg1 Qb5 20. Rd2 Qc4 21. Nd4 Nxd4 22. cxd4 Re8 23. Qd1 Re4 24. h3 Rxf4 25. Re2 Rxd4 26. Qe1 Re4 27. Be3 Rae8 28. Rc1 Qb3 29. Rc3 Bxc3 30. bxc3 d4 31. Bxd4 Rxe2 32. Qh4 Re1+ 33. Kh2 Qe6 34. Qh6 Qd6+ 0-1

[Event "Sao Paulo IRT op 3rd"]
[Site "Sao Paulo"]
[Date "2013.09.07"]
[Round "4"]
[White "Vasconcelos, Paulo Cesar da S"]
[Black "Deus Filho, Joaquim"]
[Result "1-0"]
[WhiteElo "1836"]
[BlackElo "2019"]
[PlyCount "115"]
[EventDate "2013.09.06"]
[EventType "swiss"]
[EventRounds "6"]
[EventCountry "BRA"]
[SourceTitle "CBM 156 Extra"]
[Source "ChessBase"]
[SourceDate "2013.10.22"]
[SourceVersion "1"]
[SourceVersionDate "2013.10.22"]
[SourceQuality "1"]

1. d4 Nf6 2. c4 c5 3. Nf3 cxd4 4. Nxd4 g6 5. g3 Bg7 6. Bg2 0-0 7. Nc3 Nc6 8. 0-0 Nxd4 9. Qxd4 Qa5 10. Nd5 Nxd5 11. Qxd5 Qb6 12. Qb5 Qe6 13. Be3 a6 14. Qb3 Qe5 15. Rab1 d6 16. f4 Qf5 17. Bb6 Qh5 18. e4 Be6 19. Qd3 Rac8 20. b3 Bg4 21. Bf3 Rc6 22. Bxg4 Qxg4 23. Be3 h5 24. f5 g5 25. Kg2 h4 26. Rf3 h3+ 27. Kf2 Qh5 28. Bd4 Bh6 29. Qe2 Rfc8 30. Rd3 g4 31. Rb2 b5 32. Rc3 e6 33. Qd3 exf5 34. exf5 Bg7 35. f6 Bh6 36. cxb5 axb5 37. Re2 Qd5 38. Rxc6 Qg2+ 39. Ke1 Qh1+ 40. Kf2 Qxh2+ 41. Kf1 Qh1+ 42. Kf2 Qxc6 43. Re4 Qc2+ 44. Qe2 Qxe2+ 45. Kxe2 Rc2+ 46. Kd3 Rxa2 47. Rxg4+ Bg5 48. Rxg5+ Kh7 49. Rg7+ Kh6 50. Be3+ Kh5 51. Rg5+ Kh6 52. Rg7+ Kh5 53. Rxf7 Kg6 54. Rg7+ Kxf6 55. Rh7 h2 56. g4 Ke5 57. Bd2 Ra3 58. Kc3 1-0

[Event "Sao Bernardo do Campo LXSBC fin-B 4th"]
[Site "Sao Bernardo do Campo"]
[Date "2013.01.27"]
[Round "9"]
[White "Vasconcelos, Paulo Cesar da S"]
[Black "Goncalves, Leonardo Yamamoto"]
[Result "1-0"]
[WhiteElo "1862"]
[BlackElo "1961"]
[PlyCount "105"]
[EventDate "2013.01.19"]
[EventType "tourn"]
[EventRounds "9"]
[EventCountry "BRA"]
[SourceTitle "EXT 2015"]
[Source "ChessBase"]
[SourceDate "2014.11.20"]
[SourceVersion "1"]
[SourceVersionDate "2014.11.20"]
[SourceQuality "1"]

1. d4 g6 2. e4 c5 3. c3 cxd4 4. cxd4 d5 5. e5 Nc6 6. Nc3 Nh6 7. Bb5 Bg7 8. Nge2 Nf5 9. Ng3 0-0 10. Nxf5 Bxf5 11. Be3 a6 12. Bxc6 bxc6 13. 0-0 f6 14. f4 fxe5 15. fxe5 Rb8 16. Na4 Qa5 17. b3 Be4 18. Qg4 Bf5 19. Qh4 Qb4 20. Nc5 Bxe5 21. Nxa6 Qc3 22. dxe5 Qxe3+ 23. Qf2 Qxf2+ 24. Rxf2 Ra8 25. Nb4 Bd7 26. e6 Rxf2 27. exd7 Rf6 28. Nd3 Rd6 29. Nc5 d4 30. a4 d3 31. Rd1 d2 32. Kf2 Rd5 33. b4 Rb8 34. Ke2 Rxb4 35. Rxd2 Rxd7 36. Nxd7 Rxa4 37. Rc2 Re4+ 38. Kf3 Re6 39. Nb8 Rf6+ 40. Kg3 c5 41. Rxc5 Rb6 42. Nc6 Rb3+ 43. Kf4 Rb2 44. Kg3 Rb3+ 45. Kh4 Rb2 46. Kh3 Rb3+ 47. g3 Kf7 48. Re5 Kf6 49. Rxe7 Rc3 50. Rc7 Rc2 51. Nb4 Rb2 52. Nd5+ Ke5 53. Nf4 1-0

[Event "Sao Bernardo do Campo LXSBC op"]
[Site "Sao Bernardo do Campo"]
[Date "2012.05.19"]
[Round "4"]
[White "Vasconcelos, Paulo Cesar da S"]
[Black "Oliveira, Guilherme Martins"]
[Result "1/2-1/2"]
[WhiteElo "1842"]
[BlackElo "1729"]
[PlyCount "70"]
[EventDate "2012.05.18"]
[EventType "swiss"]
[EventRounds "6"]
[EventCountry "BRA"]
[SourceTitle "EXT 2014"]
[Source "ChessBase"]
[SourceDate "2013.11.20"]
[SourceVersion "1"]
[SourceVersionDate "2013.11.20"]
[SourceQuality "1"]

1. d4 Nf6 2. c4 g6 3. Nc3 Bg7 4. f3 0-0 5. e4 d6 6. Be3 c5 7. d5 e6 8. Bd3 exd5 9. cxd5 Re8 10. Nge2 Nbd7 11. 0-0 a6 12. Qc1 Ne5 13. Bc2 b5 14. Bh6 Bh8 15. h3 b4 16. Nd1 Nfd7 17. f4 Nc4 18. Bd3 Ncb6 19. f5 Ne5 20. fxg6 fxg6 21. Bc2 Bg7 22. Bg5 Qc7 23. Ne3 Rf8 24. Rxf8+ Bxf8 25. Qe1 Qg7 26. Qh4 Nf7 27. Rf1 Nxg5 28. Qxg5 Be7 29. Qf4 Bd7 30. Ng4 Rf8 31. Nh6+ Kh8 32. Nf7+ Kg8 33. Nh6+ Kh8 34. Nf7+ Kg8 35. Nh6+ Kh8 1/2-1/2

[Event "Sao Bernardo do Campo IRT-B"]
[Site "Sao Bernardo do Campo"]
[Date "2012.01.21"]
[Round "2"]
[White "Aoyama, Edmundo"]
[Black "Vasconcelos, Paulo Cesar da S"]
[Result "0-1"]
[WhiteElo "1906"]
[BlackElo "1833"]
[PlyCount "28"]
[EventDate "2012.01.21"]
[EventType "tourn"]
[EventRounds "9"]
[EventCountry "BRA"]
[SourceTitle "EXT 2013"]
[Source "ChessBase"]
[SourceDate "2012.11.22"]
[SourceVersion "1"]
[SourceVersionDate "2012.11.22"]
[SourceQuality "1"]

1. Nf3 d6 2. g3 e5 3. d3 f5 4. c4 Be7 5. Nc3 Nf6 6. Bg2 0-0 7. b4 c6 8. 0-0 Na6 9. a3 Nc7 10. Bb2 Ne6 11. Qc2 g5 12. Qd2 g4 13. Nh4 Nh5 14. Qh6 Bg5 0-1

[Event "Wch U18"]
[Site "Caldas Novas"]
[Date "2011.11.19"]
[Round "2"]
[White "Vasconcelos, Paulo Cesar da S"]
[Black "Abarca Gonzalez, Nicolas"]
[Result "0-1"]
[WhiteElo "2093"]
[BlackElo "2098"]
[PlyCount "78"]
[EventDate "2011.11.18"]
[EventType "swiss"]
[EventRounds "9"]
[EventCountry "BRA"]
[SourceTitle "EXT 2013"]
[Source "ChessBase"]
[SourceDate "2012.11.22"]
[SourceVersion "1"]
[SourceVersionDate "2012.11.22"]
[SourceQuality "1"]

1. d4 Nf6 2. Nf3 g6 3. c4 Bg7 4. Nc3 0-0 5. e4 d6 6. h3 Nc6 7. Be3 e5 8. dxe5 dxe5 9. Bc5 Re8 10. Qd2 Qxd2+ 11. Nxd2 b6 12. Be3 Nd4 13. 0-0-0 c5 14. Nd5 Nxd5 15. cxd5 f5 16. Bxd4 cxd4 17. Bb5 Rd8 18. Kb1 Bd7 19. Ba6 b5 20. Rc1 Bh6 21. Nf3 Bxc1 22. Rxc1 Re8 23. Rc7 fxe4 24. Rxd7 exf3 25. gxf3 Rad8 26. Rb7 Rxd5 27. Bxb5 Rc8 28. Bd3 Rdc5 29. b3 R8c7 30. Rb8+ Kg7 31. Re8 Kf6 32. Bc4 Kg5 33. Kc2 Kh4 34. Kd3 Kxh3 35. Ke4 Kg2 36. Rf8 Rd7 37. Bd3 Re7 38. f4 exf4+ 39. Kxf4 Ra5 0-1

[Event "Sao Bernardo do Campo LXSBC op 08th"]
[Site "Sao Bernardo do Campo"]
[Date "2011.07.01"]
[Round "2"]
[White "Santos, Marcus Vinicius M"]
[Black "Vasconcelos, Paulo Cesar da S"]
[Result "1-0"]
[WhiteElo "2341"]
[BlackElo "1924"]
[PlyCount "57"]
[EventDate "2011.07.01"]
[EventType "swiss"]
[EventRounds "6"]
[EventCountry "BRA"]
[SourceTitle "EXT 2012"]
[Source "ChessBase"]
[SourceDate "2011.11.24"]
[SourceVersion "1"]
[SourceVersionDate "2011.11.24"]
[SourceQuality "1"]

1. c4 c5 2. g3 Nf6 3. Bg2 g6 4. Nc3 Bg7 5. Nf3 0-0 6. 0-0 Nc6 7. d4 cxd4 8. Nxd4 e5 9. Ndb5 a6 10. Nd6 Ne8 11. Nce4 Nc7 12. Bg5 f6 13. Be3 Ne6 14. Nc5 Qc7 15. Nxc8 Nxc5 16. Bxc5 Rfxc8 17. Qd5+ Kh8 18. Rfd1 Nd8 19. Be3 Qxc4 20. Qxd7 Qb4 21. a3 Qf8 22. b4 f5 23. Bc5 Rxc5 24. bxc5 e4 25. Rac1 Bb2 26. Rc2 Bxa3 27. Qd4+ Kg8 28. Ra1 Ne6 29. Qc4 1-0

[Event "BRA-ch U18"]
[Site "Foz do Iguacu"]
[Date "2011.06.11"]
[Round "3.1"]
[White "Proudian, Armen"]
[Black "Vasconcelos, Paulo Cesar da S"]
[Result "1-0"]
[WhiteElo "2115"]
[BlackElo "2093"]
[PlyCount "59"]
[EventDate "2011.06.10"]
[EventType "swiss"]
[EventRounds "6"]
[EventCountry "BRA"]
[SourceTitle "EXT 2022"]
[Source "ChessBase"]
[SourceDate "2021.10.06"]
[SourceVersion "1"]
[SourceVersionDate "2021.10.06"]
[SourceQuality "1"]

1. e4 c5 2. Nf3 d6 3. d4 cxd4 4. Nxd4 Nf6 5. Nc3 g6 6. Be2 Bg7 7. Be3 0-0 8. f4 d5 9. e5 Ne4 10. Nxe4 dxe4 11. 0-0 Qb6 12. Qc1 Qa5 13. Rd1 Nc6 14. Nxc6 bxc6 15. Qd2 Qxd2 16. Rxd2 Be6 17. Bc5 Rfe8 18. Rd4 f5 19. exf6 exf6 20. Rxe4 f5 21. Rxe6 Rxe6 22. Bc4 Kf7 23. Re1 Rae8 24. c3 a6 25. Kf2 Bh6 26. Kf3 g5 27. fxg5 Bxg5 28. g4 fxg4+ 29. Kxg4 Bd2 30. Rxe6 1-0

[Event "Paulista-chT"]
[Site "Sao Paolo"]
[Date "2011.03.13"]
[Round "7.4"]
[White "Cohn, Max Eduardo"]
[Black "Vasconcelos, Paulo Cesar da S"]
[Result "1-0"]
[WhiteElo "2131"]
[BlackElo "1952"]
[PlyCount "71"]
[EventDate "2011.02.26"]
[EventType "team-tourn"]
[EventRounds "7"]
[EventCountry "BRA"]
[SourceTitle "CBM 141 Extra"]
[Source "ChessBase"]
[SourceDate "2011.05.03"]
[SourceVersion "1"]
[SourceVersionDate "2011.05.03"]
[SourceQuality "1"]
[WhiteTeam "Hebraica"]
[BlackTeam "Santo Andre"]
[WhiteTeamCountry "BRA"]
[BlackTeamCountry "BRA"]

1. Nf3 d5 2. g3 Nf6 3. Bg2 g6 4. b4 Bg7 5. Bb2 0-0 6. 0-0 Bd7 7. d3 Qc8 8. Re1 Bh3 9. Bh1 c5 10. bxc5 Qxc5 11. Bd4 Qa5 12. Nbd2 Nc6 13. Nb3 Qc7 14. Bb2 e5 15. Rc1 Bh6 16. c4 Bxc1 17. Qxc1 d4 18. Qh6 Bd7 19. Ba3 Rfe8 20. Ng5 Ne7 21. Bxe7 Rxe7 22. Nd2 Qa5 23. Rd1 Qa4 24. Rf1 Bf5 25. g4 Bxg4 26. Nde4 Qa6 27. Nxf6+ Qxf6 28. Qxh7+ Kf8 29. Qh4 Kg7 30. Qh7+ Kf8 31. Qh4 Kg7 32. Qxg4 Rh8 33. Bd5 Rh5 34. Ne4 Qa6 35. Ng3 Rh7 36. Nf5+ 1-0

[Event "Paulista-chT"]
[Site "Sao Paolo"]
[Date "2011.02.26"]
[Round "1"]
[White "Massarioli, Felipe Alvarenga"]
[Black "Vasconcelos, Paulo Cesar da S"]
[Result "1-0"]
[WhiteElo "2040"]
[BlackElo "1952"]
[PlyCount "89"]
[EventDate "2011.02.26"]
[EventType "team-tourn"]
[EventRounds "7"]
[EventCountry "BRA"]
[SourceTitle "CBM 141 Extra"]
[Source "ChessBase"]
[SourceDate "2011.05.03"]
[SourceVersion "1"]
[SourceVersionDate "2011.05.03"]
[SourceQuality "1"]
[WhiteTeam "Sao Jose Guaira"]
[BlackTeam "Santo Andre"]
[WhiteTeamCountry "BRA"]
[BlackTeamCountry "BRA"]

1. d4 d5 2. c4 e6 3. Nc3 Be7 4. Nf3 Nf6 5. Bg5 0-0 6. e3 c6 7. a3 Ne4 8. Nxe4 dxe4 9. Bxe7 Qxe7 10. Nd2 f5 11. c5 Nd7 12. Nc4 Nf6 13. Qc2 Rb8 14. Be2 Bd7 15. 0-0 b5 16. Ne5 Rfc8 17. f3 Be8 18. fxe4 Nxe4 19. Bd3 Ng5 20. Rae1 Qd8 21. h4 Nf7 22. Nf3 g6 23. e4 Rc7 24. exf5 exf5 25. Qd2 Rbb7 26. Bb1 Re7 27. Ba2 Kg7 28. Qc3 Kh6 29. b4 Rxe1 30. Rxe1 Re7 31. Qc1+ Kg7 32. Qa1 Rxe1+ 33. Qxe1 Bd7 34. Bxf7 Kxf7 35. Qe5 h6 36. Qd6 Qe7 37. Ne5+ Ke8 38. Qxg6+ Kd8 39. Qxh6 Kc7 40. Qf4 Kb7 41. Nxd7 Qxd7 42. h5 Qf7 43. h6 Qg6 44. Qh4 Qh7 45. Qf6 1-0